003950000a2200109000450024501220000065000360012265000210015865000200017904100130019910000230021277300500023510aRole of climatic chage in the desing of biological reserves: the paleoecological perspective for conservation biology14aBiología de la conservación14aCambio Climatico14aPaleoecología0 aInglés1 aGraham, Russell W.1 tConservation Biology324h4q391-394d1988g2